| 000 | 00000cam 2200000zi 4500 |
| 001 | 9.904820 |
| 003 | CaOODSP |
| 005 | 20260514080541 |
| 006 | m o d f |
| 007 | cr cn||||||||| |
| 008 | 211110e202111##onca o f000 0 fre d |
| 040 | |aCaOODSP|bfre|erda|cCaOODSP |
| 043 | |an-cn--- |
| 086 | 1 |aP29-043-125-2021F-PDF |
| 245 | 00|aEmballages pour matières infectieuses de catégorie A et de catégorie B (classe 6, division 6.2) et déchet d’hôpital, (bio) médical ou médical réglementé. |
| 264 | 1|aOttawa (Ontario) : |bOffice des normes générales du Canada : |bConseil canadien des normes, |cNovembre 2021. |
| 264 | 4|c©2021 |
| 300 | |a1 ressource en ligne (ii, 37 pages) : |billustrations. |
| 336 | |atexte|btxt|2rdacontent/fre |
| 337 | |ainformatique|bc|2rdamedia/fre |
| 338 | |aressource en ligne|bcr|2rdacarrier/fre |
| 490 | 1 |aNorme nationale du Canada ; |vCAN/CGSB-43.125-2021 |
| 500 | |a« Expérience et excellence » -- Couverture. |
| 500 | |aRemplace CAN/CGSB-43.125-2016. |
| 500 | |aPublié aussi en anglais sous le titre : Packaging of category A and category B infectious substances (class 6, division 6.2) and clinical, (bio) medical or regulated medical waste. |
| 500 | |a«Le Conseil canadien des normes a accordé une prolongation de deux ans de la date limite de mise à jour de cette norme, la repoussant du 10 novembre 2026 au 10 novembre 2028» -- Énoncé fourni par l’Office des normes générales du Canada (2026-05-13). |
| 520 | |a« La présente Norme nationale du Canada énonce les exigences relatives à la conception et à la fabrication, au marquage, aux essais, à la sélection et à l’utilisation de contenants pour le transport de matières infectieuses de catégorie A et de catégorie B (classe 6, division 6.2), de déchet médical solide de catégorie A et de déchet d’hôpital, (bio) médical ou médical réglementé » -- Objet, page 1. |
| 650 | 6|aDéchets biomédicaux|xConditionnement|xNormes|zCanada. |
| 650 | 6|aDéchets biomédicaux|xTransport|xNormes|zCanada. |
| 650 | 6|aDéchets biomédicaux|zCanada|xSécurité|xMesures. |
| 710 | 2 |aConseil canadien des normes, |eorganisme de publication. |
| 710 | 2 |aOffice des normes générales du Canada, |eorganisme de publication. |
| 775 | 08|tPackaging of category A and category B infectious substances (class 6, division 6.2) and clinical, (bio) medical or regulated medical waste.|w(CaOODSP)9.904815 |
| 795 | |tEmballages pour matières infectieuses de catégorie A et de catégorie B (classe 6.2) et déchet d’hôpital, (bio) médical ou médical réglementé |w(CaOODSP)9.835239 |
| 830 | #0|aNorme nationale du Canada ;|vCAN/CGSB-43.125-2021.|w(CaOODSP)9.504227 |
| 856 | 40|qPDF|s682 Ko|uhttps://publications.gc.ca/collections/collection_2021/ongc-cgsb/P29-043-125-2021-fra.pdf |